[Event "EThessaloniki SSTH HALK-ch U16"]
[Site "Thessaloniki"]
[Date "2017.11.26"]
[Round "6.6"]
[White "Gerondopoulou, Ilektra"]
[Black "Soulele, Christina"]
[Result "0-1"]
[WhiteElo "1000"]
[BlackElo "1000"]
[PlyCount "92"]
[EventDate "2017.10.01"]
[EventType "swiss"]
[EventRounds "6"]
[EventCountry "GRE"]
[SourceTitle "EXT 2024"]
[Source "ChessBase"]
[SourceDate "2023.10.10"]
[SourceVersion "1"]
[SourceVersionDate "2023.10.10"]
[SourceQuality "1"]

1. e4 e5 2. Nf3 Nc6 3. Bc4 Bc5 4. d3 a6 5. Ng5 Qf6 6. 0-0 Nh6 7. Be3 Bxe3 8. fxe3 Qxg5 9. Nd2 d6 10. Nf3 Qg6 11. Nh4 Qg5 12. Nf3 Qxe3+ 13. Rf2 Ng4 14. Qe2 Qxf2+ 15. Qxf2 Nxf2 16. Kxf2 0-0 17. Ng5 Be6 18. Bxe6 fxe6+ 19. Kg1 Rf6 20. h3 Nd4 21. Re1 Nxc2 22. Re2 Nd4 23. Rd2 Raf8 24. Rd1 Rg6 25. h4 h6 26. Nh3 Nf3+ 27. Kf2 Nxh4+ 28. Ke3 Nxg2+ 29. Kd2 Nf4 30. Nxf4 exf4 31. Rf1 Rg2+ 32. Kc3 f3 33. a4 f2 34. Kd2 Rg1 35. Ke2 Rxf1 36. Kxf1 d5 37. e5 g5 38. b4 b5 39. axb5 axb5 40. d4 g4 41. Ke2 f1Q+ 42. Kd2 g3 43. Kc3 g2 44. Kb3 g1Q 45. Ka2 Qgg2+ 46. Kb3 Rf3# 0-1